[Event "2. Copenhagen Open Politiken Cup"]
[Site "Brndby"]
[Date "1980.??.??"]
[Round "4"]
[White "Fedder, Steen"]
[Black "Brondum, Eric"]
[Result "1-0"]
[WhiteElo "2410"]
[BlackElo "2315"]
[PlyCount "81"]
[EventDate "1980.??.??"]
[EventType "swiss"]
[EventRounds "10"]
[EventCountry "DEN"]
[SourceDate "2004.01.01"]

1. d4 Nf6 2. c4 c5 3. d5 b5 4. cxb5 a6 5. bxa6 Bxa6 6. Nc3 d6 7. Nf3 g6 8. g3
Nbd7 9. Bg2 Bg7 10. O-O O-O 11. Qc2 Qc7 12. Rd1 Rfb8 13. h3 Rb4 14. Rb1 Rab8
15. a3 R4b7 16. b3 Ne8 17. Nd2 Ne5 18. Bb2 Qb6 19. Re1 Qa7 20. Nd1 Bb5 21. Ne3
c4 22. Bxe5 cxb3 23. Rxb3 Bxe5 24. Reb1 Bxe2 25. Rxb7 Rxb7 26. Rxb7 Qxb7 27.
Ndc4 Bxc4 28. Nxc4 Bd4 29. Na5 Qa8 30. Nc6 Bc5 31. a4 Kf8 32. Qb2 f6 33. a5 Nc7
34. Qe2 Qe8 35. a6 e5 36. Qb2 e4 37. Qxf6+ Qf7 38. Qh8+ Qg8 39. Qf6+ Qf7 40.
Qh8+ Qg8 41. Qxg8+ 1-0

[Event "2. Copenhagen Open Politiken Cup"]
[Site "Brndby"]
[Date "1980.??.??"]
[Round "4"]
[White "Fuller, Maxwell"]
[Black "Plachetka, Jan"]
[Result "0-1"]
[WhiteElo "2355"]
[BlackElo "2480"]
[PlyCount "74"]
[EventDate "1980.??.??"]
[EventType "swiss"]
[EventRounds "10"]
[EventCountry "DEN"]
[SourceDate "2004.01.01"]

1. Nf3 Nf6 2. g3 g6 3. b4 a5 4. b5 Bg7 5. Bb2 O-O 6. Bg2 d6 7. O-O e5 8. c4
Nbd7 9. Nc3 Nc5 10. d3 Re8 11. Nd2 h5 12. Nd5 Nxd5 13. cxd5 a4 14. Nc4 b6 15.
Rb1 Bd7 16. Ba3 Nb7 17. Rb4 Rf8 18. Qc2 Qe8 19. Rfb1 Nc5 20. Bc1 f5 21. Be3 Rb8
22. R4b2 Qe7 23. Rb4 f4 24. Bxc5 bxc5 25. Rxa4 fxg3 26. hxg3 h4 27. gxh4 Qxh4
28. Rf1 Bxb5 29. Ra7 e4 30. Rxc7 Bxc4 31. Rxg7+ Kxg7 32. dxc4 Rbe8 33. e3 Re5
34. Rb1 Rg5 35. Rb7+ Kh6 36. Qb2 Rf6 37. Rb8 Qg4 0-1

[Event "2. Copenhagen Open Politiken Cup"]
[Site "Brndby"]
[Date "1980.??.??"]
[Round "4"]
[White "Hoi, Carsten"]
[Black "Horvath, Tamas"]
[Result "1/2-1/2"]
[WhiteElo "2410"]
[BlackElo "2350"]
[PlyCount "111"]
[EventDate "1980.??.??"]
[EventType "swiss"]
[EventRounds "10"]
[EventCountry "DEN"]
[SourceDate "2004.01.01"]

1. d4 Nf6 2. Nf3 e6 3. Bg5 h6 4. Bh4 b6 5. e3 Bb7 6. Nbd2 Be7 7. Bd3 d6 8. c3
Nbd7 9. Bg3 Nh5 10. Qc2 c6 11. O-O-O Qc7 12. Kb1 O-O-O 13. c4 Kb8 14. Rc1 Nxg3
15. hxg3 Rc8 16. Qa4 g6 17. g4 Nf6 18. Nh2 c5 19. Rhg1 Rhd8 20. g3 Qd7 21. Qxd7
Rxd7 22. Nb3 a5 23. Rgd1 a4 24. Na1 cxd4 25. exd4 d5 26. cxd5 Rxc1+ 27. Kxc1
Rxd5 28. Nc2 h5 29. Be2 hxg4 30. Nxg4 Nxg4 31. Bxg4 Rd8 32. Be2 Bc6 33. Ne1 Bf6
34. Bf3 Kb7 35. Bxc6+ Kxc6 36. Nc2 Kd5 37. Kd2 Ke4 38. f3+ Kd5 39. Kd3 Kd6 40.
Rh1 e5 41. Nb4 Kc7 42. d5 Be7 43. Kc3 Bc5 44. Kc4 Kd6 45. Kb5 Bxb4 46. Kxb4 Ra8
47. Rh7 Ra7 48. Kb5 Kxd5 49. Kxb6 Re7 50. Kb5 Rb7+ 51. Kxa4 Rxb2 52. Rxf7 Rxa2+
53. Kb3 Rg2 54. g4 e4 55. Kc3 exf3 56. Kd3 1/2-1/2

[Event "2. Copenhagen Open Politiken Cup"]
[Site "Brndby"]
[Date "1980.??.??"]
[Round "4"]
[White "Holm, Sejer"]
[Black "Sorensen, Bent"]
[Result "0-1"]
[WhiteElo "2395"]
[BlackElo "2245"]
[PlyCount "70"]
[EventDate "1980.??.??"]
[EventType "swiss"]
[EventRounds "10"]
[EventCountry "DEN"]
[SourceDate "2004.01.01"]

1. d4 d5 2. c4 c6 3. Nf3 Nf6 4. Nc3 e6 5. e3 Nbd7 6. Bd3 Bd6 7. O-O O-O 8. e4
dxe4 9. Nxe4 Nxe4 10. Bxe4 c5 11. Bc2 Qc7 12. dxc5 Bxc5 13. b3 Re8 14. Qd3 Nf8
15. Bb2 f6 16. Rad1 e5 17. Nd2 Bg4 18. Rc1 Rad8 19. Qg3 f5 20. Nb1 Ng6 21. Bd1
Rxd1 22. Rcxd1 Nf4 23. Rd2 Ne2+ 24. Rxe2 Bxe2 25. Re1 f4 26. Qg5 f3 27. Nc3 Qa5
28. Qc1 Bd4 29. a3 e4 30. b4 Qe5 31. Nd1 Bxb2 32. Nxb2 Re6 33. Nd1 Rh6 34. g3
Qe6 35. Ne3 Qh3 0-1

[Event "2. Copenhagen Open Politiken Cup"]
[Site "Brndby"]
[Date "1980.??.??"]
[Round "4"]
[White "Jahr, Ulrich"]
[Black "Wicker, Kevin J"]
[Result "1-0"]
[WhiteElo "2280"]
[BlackElo "2340"]
[PlyCount "63"]
[EventDate "1980.??.??"]
[EventType "swiss"]
[EventRounds "10"]
[EventCountry "DEN"]
[SourceDate "2004.01.01"]

1. e4 e6 2. d4 d5 3. Nd2 c5 4. exd5 exd5 5. Ngf3 Nf6 6. Bb5+ Bd7 7. Qe2+ Be7 8.
dxc5 O-O 9. Bxd7 Nbxd7 10. Nb3 Nxc5 11. O-O Re8 12. c3 Bd6 13. Qc2 Nce4 14.
Nbd4 Qd7 15. Bg5 Ng4 16. h3 Ne5 17. Nxe5 Bxe5 18. Be3 Rac8 19. Rad1 Bb8 20. Qd3
Qc7 21. Nf3 Rcd8 22. Rfe1 Re6 23. c4 Rf6 24. cxd5 Re8 25. Bg5 Rxf3 26. Rxe4
Qh2+ 27. Kf1 Rxe4 28. Qxe4 h6 29. Qxf3 hxg5 30. Qg4 Bf4 31. h4 f5 32. Qh3 1-0

[Event "2. Copenhagen Open Politiken Cup"]
[Site "Brndby"]
[Date "1980.??.??"]
[Round "4"]
[White "Jakobsen, Ole"]
[Black "Poulsen, Allan"]
[Result "1-0"]
[WhiteElo "2410"]
[BlackElo "2350"]
[PlyCount "47"]
[EventDate "1980.??.??"]
[EventType "swiss"]
[EventRounds "10"]
[EventCountry "DEN"]
[SourceDate "2004.01.01"]

1. d4 g6 2. e4 Bg7 3. c4 d6 4. Nc3 Nc6 5. Be3 e5 6. Nge2 Nf6 7. f3 Nd7 8. Qd2
f5 9. exf5 Nb6 10. Bg5 Nxc4 11. Qc1 Nb4 12. Ng3 Nxb2 13. Bb5+ c6 14. O-O Qb6
15. f6 Bf8 16. Qxb2 Qxd4+ 17. Kh1 cxb5 18. a3 h6 19. Rfd1 Nd3 20. Qxb5+ Bd7 21.
f7+ Kxf7 22. Qxd7+ Kg8 23. Nge2 Bg7 24. Qxb7 1-0

[Event "2. Copenhagen Open Politiken Cup"]
[Site "Brndby"]
[Date "1980.??.??"]
[Round "4"]
[White "Mestel, Jonathan"]
[Black "Fries Nielsen, Jens Ove"]
[Result "1-0"]
[WhiteElo "2485"]
[BlackElo "2355"]
[PlyCount "69"]
[EventDate "1980.??.??"]
[EventType "swiss"]
[EventRounds "10"]
[EventCountry "DEN"]
[SourceDate "2004.01.01"]

1. e4 e5 2. Nf3 Nc6 3. Bb5 a6 4. Ba4 Nf6 5. O-O Nxe4 6. d4 Be7 7. Qe2 f5 8.
dxe5 O-O 9. Rd1 Qe8 10. Nc3 Nxc3 11. bxc3 Kh8 12. Nd4 Nd8 13. c4 b6 14. Bb2 Bb7
15. Rd3 Be4 16. Rg3 c5 17. e6 Bf6 18. e7 Rg8 19. Nxf5 Bxf5 20. Bxf6 gxf6 21.
Qf3 Rxg3 22. hxg3 Ne6 23. Bxd7 Nd4 24. Qxa8 Bxd7 25. Qxe8+ Bxe8 26. Rb1 b5 27.
cxb5 axb5 28. a4 Kg7 29. a5 Kf7 30. a6 Bc6 31. Re1 Ne6 32. f4 f5 33. g4 fxg4
34. a7 Nc7 35. Re5 1-0

[Event "2. Copenhagen Open Politiken Cup"]
[Site "Brndby"]
[Date "1980.??.??"]
[Round "4"]
[White "Mikhalchishin, Adrian"]
[Black "Hansson, Dan"]
[Result "1/2-1/2"]
[WhiteElo "2490"]
[BlackElo "2300"]
[PlyCount "84"]
[EventDate "1980.??.??"]
[EventType "swiss"]
[EventRounds "10"]
[EventCountry "DEN"]
[SourceDate "2004.01.01"]

1. Nf3 Nf6 2. c4 e6 3. d4 Bb4+ 4. Nbd2 O-O 5. a3 Bxd2+ 6. Bxd2 d6 7. g3 Qe7 8.
Bg2 e5 9. O-O Nc6 10. d5 Nd8 11. Qc2 b6 12. e4 Nh5 13. Rae1 f5 14. exf5 Bxf5
15. Qc3 Qd7 16. Ng5 Rc8 17. b4 h6 18. Ne4 Nf6 19. Nxf6+ Rxf6 20. f4 Nf7 21. c5
bxc5 22. bxc5 Qb5 23. Rc1 exf4 24. Bxf4 Re8 25. cxd6 cxd6 26. Be3 a5 27. Bd4
Ne5 28. Rce1 Bd3 29. Rxf6 gxf6 30. Qd2 Qc4 31. Bf2 Kh7 32. Qxa5 Qg4 33. Qa7+
Kg6 34. Qe3 Ra8 35. Ra1 Qc4 36. h3 Qc3 37. Be4+ f5 38. Rc1 Qxa3 39. Bg2 Be4 40.
Bxe4 Qxe3 41. Bxf5+ Kxf5 42. Bxe3 h5 1/2-1/2

[Event "2. Copenhagen Open Politiken Cup"]
[Site "Brndby"]
[Date "1980.??.??"]
[Round "4"]
[White "Morris, Walter"]
[Black "Csom, Istvan"]
[Result "1/2-1/2"]
[WhiteElo "2380"]
[BlackElo "2510"]
[PlyCount "48"]
[EventDate "1980.??.??"]
[EventType "swiss"]
[EventRounds "10"]
[EventCountry "DEN"]
[SourceDate "2004.01.01"]

1. e4 c5 2. Nf3 d6 3. d4 cxd4 4. Nxd4 Nf6 5. Nc3 Nc6 6. Bg5 e6 7. Qd2 a6 8.
O-O-O h6 9. Be3 Be7 10. f3 Qc7 11. g4 Rb8 12. h4 Nxd4 13. Bxd4 b5 14. Rg1 b4
15. Ne2 e5 16. Be3 Be6 17. Kb1 Nd7 18. g5 hxg5 19. hxg5 g6 20. Nc1 a5 21. Bg2
Nc5 22. Rh1 Rxh1 23. Rxh1 Na4 24. Bh3 Bf8 1/2-1/2

[Event "2. Copenhagen Open Politiken Cup"]
[Site "Brndby"]
[Date "1980.??.??"]
[Round "4"]
[White "Mortensen, Erling"]
[Black "Jensen, Vagn"]
[Result "1/2-1/2"]
[WhiteElo "2400"]
[BlackElo "2235"]
[PlyCount "81"]
[EventDate "1980.??.??"]
[EventType "swiss"]
[EventRounds "10"]
[EventCountry "DEN"]
[SourceDate "2004.01.01"]

1. Nf3 f5 2. d4 e6 3. g3 d5 4. Bg2 Bd6 5. c4 c6 6. O-O Nf6 7. Nc3 O-O 8. c5 Bc7
9. Bf4 Bxf4 10. gxf4 Ne4 11. Qc2 b6 12. Ne5 Bb7 13. Nxe4 fxe4 14. cxb6 axb6 15.
e3 Qd6 16. f3 exf3 17. Rxf3 Nd7 18. Rh3 Nf6 19. Kh1 c5 20. dxc5 bxc5 21. Bf3
Ra7 22. Qg2 Ba8 23. Rg3 Rd8 24. Rg1 Qf8 25. Qh3 Re8 26. a3 Rae7 27. R3g2 Nd7
28. Ng4 Kh8 29. Qh4 e5 30. Nf2 exf4 31. exf4 Re1 32. Nh3 Rxg1+ 33. Rxg1 Nf6 34.
f5 d4 35. Bxa8 Rxa8 36. Nf4 Qd6 37. Qg3 Qc6+ 38. Rg2 Qb7 39. Ne6 Ne4 40. Qe5 d3
41. Nxg7 1/2-1/2

[Event "2. Copenhagen Open Politiken Cup"]
[Site "Brndby"]
[Date "1980.??.??"]
[Round "4"]
[White "Pokojowczyk, Jerzy"]
[Black "Akesson, Ralf"]
[Result "1-0"]
[WhiteElo "2380"]
[BlackElo "2230"]
[PlyCount "97"]
[EventDate "1980.??.??"]
[EventType "swiss"]
[EventRounds "10"]
[EventCountry "DEN"]
[SourceDate "2004.01.01"]

1. e4 c5 2. Nf3 e6 3. d4 cxd4 4. Nxd4 Nc6 5. Nb5 d6 6. c4 Nf6 7. N1c3 a6 8. Na3
Be7 9. Be2 O-O 10. O-O b6 11. Be3 Bb7 12. Qb3 Nd7 13. Rad1 Rb8 14. Nab1 Ba8 15.
Rd2 Qc7 16. Qd1 Nce5 17. b3 Nc5 18. f4 Ng6 19. Bf3 Nh4 20. Qe2 f5 21. Bd4 fxe4
22. Bxe4 Nxe4 23. Nxe4 Qb7 24. Ng3 Bf6 25. Qxe6+ Kh8 26. Bxf6 Rxf6 27. Qd5 Qc8
28. Qd4 Qg4 29. f5 Qg5 30. Qf4 Qxf4 31. Rxf4 g5 32. Rf1 Re8 33. Nc3 Re5 34. Nd5
Bxd5 35. Rxd5 Re3 36. Rfd1 Rf7 37. R5d3 Re5 38. Rxd6 Nxf5 39. Nxf5 Rexf5 40.
Rd7 Rf1+ 41. Rxf1 Rxd7 42. Rf6 b5 43. Rxa6 bxc4 44. bxc4 Rd2 45. c5 Rc2 46. c6
Kg7 47. Ra7+ Kg6 48. c7 Kf5 49. h3 1-0

[Event "2. Copenhagen Open Politiken Cup"]
[Site "Brndby"]
[Date "1980.??.??"]
[Round "4"]
[White "Roth, Rolf"]
[Black "Larsen, Ernst"]
[Result "1-0"]
[WhiteElo "2380"]
[BlackElo "2200"]
[PlyCount "71"]
[EventDate "1980.??.??"]
[EventType "swiss"]
[EventRounds "10"]
[EventCountry "DEN"]
[SourceDate "2004.01.01"]

1. c4 e6 2. g3 d5 3. Bg2 c5 4. Nf3 Nc6 5. O-O Nf6 6. cxd5 exd5 7. d4 Be7 8. Nc3
O-O 9. Bg5 cxd4 10. Nxd4 h6 11. Be3 Re8 12. Nb3 Be6 13. Bc5 Bxc5 14. Nxc5 Qe7
15. Nxe6 Qxe6 16. e3 Rad8 17. Nb5 Qe5 18. Qb3 h5 19. Rad1 h4 20. Nd4 hxg3 21.
hxg3 Ng4 22. Nxc6 bxc6 23. Rd4 Qh5 24. Re1 Rd6 25. Qd1 Rg6 26. Rf4 Re5 27. e4
dxe4 28. Rexe4 Rd5 29. Rd4 Rgd6 30. Rxg4 Rxd4 31. Rxg7+ Kxg7 32. Qxh5 Rd1+ 33.
Bf1 Re1 34. Kg2 Rd4 35. b3 f6 36. Bc4 1-0

[Event "2. Copenhagen Open Politiken Cup"]
[Site "Brndby"]
[Date "1980.??.??"]
[Round "4"]
[White "Smyslov, Vassily"]
[Black "Rayner, Francis"]
[Result "1-0"]
[WhiteElo "2550"]
[BlackElo "2370"]
[PlyCount "71"]
[EventDate "1980.??.??"]
[EventType "swiss"]
[EventRounds "10"]
[EventCountry "DEN"]
[SourceDate "2004.01.01"]

1. Nf3 g6 2. e4 Bg7 3. d4 d6 4. Be2 Nf6 5. Nbd2 O-O 6. O-O Nc6 7. c3 Re8 8. b4
e5 9. b5 Nb8 10. dxe5 dxe5 11. Qc2 a6 12. c4 Nfd7 13. Nb3 c5 14. Nfd2 b6 15.
Nb1 Nf8 16. Rd1 Bd7 17. Nc3 Ne6 18. Nd5 Bf8 19. a4 a5 20. Qd3 Bc8 21. Bg4 Nd7
22. Qg3 Bg7 23. h4 Nd4 24. Nxd4 cxd4 25. Bxd7 Bxd7 26. f4 exf4 27. Bxf4 Rxe4
28. Re1 Rxf4 29. Qxf4 Be6 30. Nc7 Rc8 31. Nxe6 fxe6 32. Rxe6 Rxc4 33. Rae1 Rc8
34. Qe4 Qf8 35. Re7 Rd8 36. Rf1 1-0

[Event "2. Copenhagen Open Politiken Cup"]
[Site "Brndby"]
[Date "1980.??.??"]
[Round "5"]
[White "Brondum, Eric"]
[Black "Holm, Sejer"]
[Result "0-1"]
[WhiteElo "2315"]
[BlackElo "2395"]
[PlyCount "62"]
[EventDate "1980.??.??"]
[EventType "swiss"]
[EventRounds "10"]
[EventCountry "DEN"]
[SourceDate "2004.01.01"]

1. d4 Nf6 2. Nf3 c5 3. d5 g6 4. c4 e6 5. Nc3 exd5 6. cxd5 d6 7. e4 Bg7 8. Bg5
h6 9. Bh4 a6 10. Nd2 b5 11. Be2 O-O 12. Qc2 Nbd7 13. O-O Qc7 14. f4 Re8 15. Bf3
Rb8 16. Rae1 c4 17. Nd1 a5 18. Kh1 Ba6 19. Nf2 Rbc8 20. Rc1 b4 21. Rfe1 Qb6 22.
Ng4 c3 23. bxc3 Rxc3 24. Qb1 Bd3 25. Rxc3 Bxb1 26. Rc6 Qd4 27. Nxb1 Nxg4 28.
Bxg4 f5 29. Rxd6 Rxe4 30. Rxd7 Rxe1+ 31. Bxe1 Qe4 0-1

[Event "2. Copenhagen Open Politiken Cup"]
[Site "Brndby"]
[Date "1980.??.??"]
[Round "5"]
[White "Fuglsang, Flemming"]
[Black "Finnlaugsson, Gunnar"]
[Result "0-1"]
[WhiteElo "2205"]
[BlackElo "2275"]
[PlyCount "82"]
[EventDate "1980.??.??"]
[EventType "swiss"]
[EventRounds "10"]
[EventCountry "DEN"]
[SourceDate "2004.01.01"]

1. c4 e5 2. Nc3 Nf6 3. Nf3 Nc6 4. e4 d6 5. d4 exd4 6. Nxd4 Nxd4 7. Qxd4 Be7 8.
Be2 O-O 9. O-O b6 10. b3 Re8 11. Bb2 Bf8 12. Rfe1 Bb7 13. Bf3 Nd7 14. Rad1 Ne5
15. Be2 Qh4 16. Nd5 Rac8 17. f3 c6 18. Ne3 Qg5 19. g3 Nd7 20. f4 Qg6 21. e5 Nc5
22. f5 Qg5 23. Qf4 Qxf4 24. gxf4 Rcd8 25. f6 g6 26. Kf2 dxe5 27. Bxe5 Ne4+ 28.
Kf3 Nd6 29. c5 Nc8 30. cxb6 axb6 31. Nc4 Bb4 32. Rf1 b5 33. Ne3 Nd6 34. Nc2 c5+
35. Kf2 Ne4+ 36. Ke3 Bd2+ 37. Rxd2 Rxd2 38. Bxb5 Red8 39. Na3 Rxh2 40. Rf3 Nd6
41. Bxd6 Rxd6 0-1

[Event "2. Copenhagen Open Politiken Cup"]
[Site "Brndby"]
[Date "1980.??.??"]
[Round "5"]
[White "Hansson, Dan"]
[Black "Jakobsen, Ole"]
[Result "1/2-1/2"]
[WhiteElo "2300"]
[BlackElo "2410"]
[PlyCount "60"]
[EventDate "1980.??.??"]
[EventType "swiss"]
[EventRounds "10"]
[EventCountry "DEN"]
[SourceDate "2004.01.01"]

1. e4 c5 2. Nf3 d6 3. d4 cxd4 4. Nxd4 Nf6 5. Nc3 a6 6. Be2 e5 7. Nb3 Be7 8. a4
O-O 9. g4 Be6 10. g5 Nfd7 11. h4 Nc6 12. Nd5 Nc5 13. Nxc5 dxc5 14. c3 Qd7 15.
Rg1 Kh8 16. h5 Rad8 17. Bg4 Qd6 18. c4 Nd4 19. Ra3 Bxd5 20. cxd5 f5 21. gxf6
Qxf6 22. Rg2 c4 23. Rag3 Bc5 24. Be3 Qb6 25. Qc1 Qb4+ 26. Kf1 Nb3 27. Bxc5 Nxc5
28. Bf5 Nd3 29. Rxd3 Rxf5 30. Rdg3 Rxh5 1/2-1/2

[Event "2. Copenhagen Open Politiken Cup"]
[Site "Brndby"]
[Date "1980.??.??"]
[Round "5"]
[White "Horvath, Tamas"]
[Black "Plachetka, Jan"]
[Result "1/2-1/2"]
[WhiteElo "2350"]
[BlackElo "2480"]
[PlyCount "82"]
[EventDate "1980.??.??"]
[EventType "swiss"]
[EventRounds "10"]
[EventCountry "DEN"]
[SourceDate "2004.01.01"]

1. e4 d6 2. d4 g6 3. Nc3 Bg7 4. Nf3 Nf6 5. Bf4 O-O 6. Qd2 Bg4 7. Be2 Nfd7 8.
Ng1 Bxe2 9. Ngxe2 Re8 10. Bh6 Bh8 11. O-O c5 12. d5 Ne5 13. h3 Qa5 14. Rab1 b5
15. f4 Nc4 16. Qd3 Nd7 17. Kh1 Ndb6 18. e5 dxe5 19. f5 Nd7 20. Ng3 Nd6 21. Nce4
Nxe4 22. Nxe4 Nf6 23. d6 Nxe4 24. Qxe4 exd6 25. fxg6 hxg6 26. Rxf7 Kxf7 27.
Qd5+ Ke7 28. Rf1 Bf6 29. Bg5 Rf8 30. Rxf6 Rxf6 31. Qxa8 Qe1+ 32. Kh2 Qf2 33.
Bxf6+ Qxf6 34. Qb7+ Ke6 35. Qxb5 Qf4+ 36. Kg1 Qc1+ 37. Kh2 Qxc2 38. a4 a5 39.
Qxa5 Qxb2 40. Qd8 Kd5 41. Qg8+ Kc6 1/2-1/2

[Event "2. Copenhagen Open Politiken Cup"]
[Site "Brndby"]
[Date "1980.??.??"]
[Round "5"]
[White "Kovacs, Laszlo"]
[Black "Auchenberg, Per"]
[Result "1/2-1/2"]
[WhiteElo "2340"]
[BlackElo "2215"]
[PlyCount "158"]
[EventDate "1980.??.??"]
[EventType "swiss"]
[EventRounds "10"]
[EventCountry "DEN"]
[SourceDate "2004.01.01"]

1. d4 f5 2. Bg5 g6 3. Nc3 d5 4. e3 Bg7 5. Nf3 Nf6 6. Bf4 c6 7. Be2 Nbd7 8. Ng5
Nb6 9. h4 e6 10. Qd2 Qe7 11. O-O-O h6 12. Nf3 Ng4 13. Ne5 Bxe5 14. Bxe5 Nxe5
15. dxe5 Bd7 16. f4 h5 17. Nb1 Qc5 18. b3 a5 19. Qd4 Qxd4 20. exd4 Ke7 21. Rh3
Rhc8 22. Kb2 Be8 23. Na3 Kd8 24. c4 Ke7 25. Rc3 Kd8 26. Rc2 Ra7 27. Nb1 Ke7 28.
Nc3 Kd8 29. c5 Nd7 30. Na4 Kc7 31. Rdc1 Rca8 32. Kc3 Rb8 33. Kd2 Rc8 34. Ke3
Rd8 35. Rb2 Rda8 36. Rcb1 Bf7 37. a3 Be8 38. Bd1 Bf7 39. Nc3 Be8 40. Kd3 Bf7
41. b4 axb4 42. axb4 Ra1 43. b5 Rxb1 44. Rxb1 Ra5 45. Rb2 Be8 46. Ba4 Ra8 47.
Kc2 Nxc5 48. dxc5 d4 49. b6+ Kd8 50. Ne2 Rxa4 51. Kb3 Ra1 52. Nxd4 Bd7 53. Ra2
Rxa2 54. Kxa2 Kc8 55. Kb3 Kb8 56. Kb4 Ka8 57. Nf3 Kb8 58. Kc4 Kc8 59. Kd4 Kd8
60. Ke3 Ke7 61. Kf2 Kd8 62. Nd2 Kc8 63. Nc4 Kb8 64. Nd6 Ka8 65. Nf7 Kb8 66. Kf3
Kc8 67. Ke3 Kb8 68. Ng5 Kc8 69. Nh7 Be8 70. g3 Kd8 71. Ng5 Bd7 72. g4 hxg4 73.
Nf7+ Kc8 74. Kf2 Kb8 75. Kg3 Kc8 76. Kg2 Kb8 77. Kh2 Be8 78. Ng5 Bd7 79. Kg3
Kc8 1/2-1/2

[Event "2. Copenhagen Open Politiken Cup"]
[Site "Brndby"]
[Date "1980.??.??"]
[Round "5"]
[White "Larsen, Ernst"]
[Black "Nicholson, John"]
[Result "1-0"]
[WhiteElo "2200"]
[BlackElo "2305"]
[PlyCount "45"]
[EventDate "1980.??.??"]
[EventType "swiss"]
[EventRounds "10"]
[EventCountry "DEN"]
[SourceDate "2004.01.01"]

1. d4 Nf6 2. c4 e6 3. Nf3 d5 4. e3 c5 5. Nc3 Nc6 6. cxd5 exd5 7. Be2 cxd4 8.
Nxd4 Bd6 9. O-O O-O 10. Nf3 a6 11. b3 Bg4 12. Bb2 Bb8 13. Rc1 Qd6 14. g3 Ba7
15. Qc2 Rad8 16. Rfd1 Rfe8 17. Ng5 Rxe3 18. Nxd5 Rxg3+ 19. Kh1 Nd4 20. Nxf6+
Qxf6 21. Qxh7+ Kf8 22. Rc7 Rh3 23. Bxg4 1-0

[Event "2. Copenhagen Open Politiken Cup"]
[Site "Brndby"]
[Date "1980.??.??"]
[Round "5"]
[White "Mestel, Jonathan"]
[Black "Iskov, Gert"]
[Result "1/2-1/2"]
[WhiteElo "2485"]
[BlackElo "2400"]
[PlyCount "82"]
[EventDate "1980.??.??"]
[EventType "swiss"]
[EventRounds "10"]
[EventCountry "DEN"]
[SourceDate "2004.01.01"]

1. e4 c5 2. Nf3 d6 3. d4 cxd4 4. Nxd4 Nf6 5. Nc3 a6 6. Be2 e5 7. Nb3 Be7 8. a4
O-O 9. O-O Nc6 10. a5 Be6 11. Be3 Bxb3 12. Bb6 Bxc2 13. Qxc2 Qd7 14. Rfd1 Bd8
15. Bc5 Bxa5 16. Rxd6 Nd4 17. Rxd7 Nxc2 18. Rxa5 Nxd7 19. Bxf8 Kxf8 20. Rd5 Ke7
21. Bg4 Nf6 22. Rxe5+ Kd6 23. Rg5 Nxg4 24. Rxg4 g6 25. Rf4 Ke6 26. g4 Nb4 27.
g5 b5 28. Kf1 h6 29. h4 hxg5 30. hxg5 Rh8 31. Rf6+ Ke7 32. e5 Rh4 33. b3 Rh3
34. f3 Rh1+ 35. Kg2 Ra1 36. Ne4 Nd5 37. Rc6 Ne3+ 38. Kf2 Nf5 39. Nf6 Ra2+ 40.
Kf1 Nd4 41. Nd5+ Ke8 1/2-1/2

[Event "2. Copenhagen Open Politiken Cup"]
[Site "Brndby"]
[Date "1980.??.??"]
[Round "5"]
[White "Moe, Mogens"]
[Black "Csom, Istvan"]
[Result "0-1"]
[WhiteElo "2370"]
[BlackElo "2510"]
[PlyCount "68"]
[EventDate "1980.??.??"]
[EventType "swiss"]
[EventRounds "10"]
[EventCountry "DEN"]
[SourceDate "2004.01.01"]

1. e4 c5 2. Nf3 d6 3. d4 cxd4 4. Nxd4 Nf6 5. Nc3 Nc6 6. Bc4 Qb6 7. Nde2 e6 8.
Bb3 Be7 9. Be3 Qc7 10. f4 a6 11. Ng3 b5 12. Qe2 O-O 13. O-O-O Na5 14. Rhe1 Bd7
15. Kb1 Rab8 16. Qd3 Nxb3 17. axb3 Bc6 18. Bd4 Rfd8 19. Bxf6 Bxf6 20. Nh5 Bh4
21. Re3 g6 22. Rh3 Be7 23. Qe2 b4 24. e5 bxc3 25. Nf6+ Bxf6 26. exf6 cxb2 27.
g4 Rdc8 28. Qf2 Be4 29. Rd2 Qc5 30. Qh4 Bxc2+ 31. Kxb2 Rxb3+ 32. Rxb3 Bxb3 33.
Qh6 Qc3+ 34. Ka3 Bc4+ 0-1

[Event "2. Copenhagen Open Politiken Cup"]
[Site "Brndby"]
[Date "1980.??.??"]
[Round "5"]
[White "Morris, Walter"]
[Black "Fedder, Steen"]
[Result "0-1"]
[WhiteElo "2380"]
[BlackElo "2410"]
[PlyCount "46"]
[EventDate "1980.??.??"]
[EventType "swiss"]
[EventRounds "10"]
[EventCountry "DEN"]
[SourceDate "2004.01.01"]

1. e4 c5 2. Nf3 d6 3. d4 cxd4 4. Nxd4 Nf6 5. Nc3 a6 6. Bg5 e6 7. f4 Qb6 8. Qd2
Qxb2 9. Rb1 Qa3 10. f5 Nc6 11. fxe6 fxe6 12. Nxc6 bxc6 13. e5 Nd5 14. Nxd5 cxd5
15. Be2 dxe5 16. c4 Bc5 17. Rf1 a5 18. Qc2 Bb4+ 19. Kd1 Qc3 20. Bh5+ g6 21.
Bxg6+ hxg6 22. Qxg6+ Kd7 23. cxd5 Qd4+ 0-1

[Event "2. Copenhagen Open Politiken Cup"]
[Site "Brndby"]
[Date "1980.??.??"]
[Round "5"]
[White "Rayner, Francis"]
[Black "Jensen, Vagn"]
[Result "0-1"]
[WhiteElo "2370"]
[BlackElo "2235"]
[PlyCount "102"]
[EventDate "1980.??.??"]
[EventType "swiss"]
[EventRounds "10"]
[EventCountry "DEN"]
[SourceDate "2004.01.01"]

1. e4 e5 2. Nf3 Nc6 3. Bb5 f5 4. d3 fxe4 5. dxe4 Nf6 6. O-O d6 7. Nc3 Be7 8. h3
O-O 9. Re1 Kh8 10. Kh1 a6 11. Bf1 Qe8 12. Be3 Qh5 13. Nd2 Qg6 14. Nd5 Nxd5 15.
exd5 Nb4 16. Bd3 Nxd3 17. cxd3 Qxd3 18. Nb3 Qg6 19. Rc1 c5 20. dxc6 bxc6 21.
Na5 c5 22. b4 cxb4 23. f3 Bf5 24. Re2 Rac8 25. Nc6 Bg5 26. Nxb4 Rxc1 27. Bxc1
Bxc1 28. Qxc1 Rc8 29. Qd1 Qg3 30. Rd2 h6 31. Rxd6 Kh7 32. Rc6 Rb8 33. Nd5 e4
34. Rc3 Qd6 35. Rc1 Rb2 36. Ne3 Rd2 37. Qe1 Bxh3 38. fxe4 Be6 39. e5 Qd3 40.
Rd1 Rxd1 41. Nxd1 Qb1 42. Qe2 Qxa2 43. Qe4+ Kh8 44. Ne3 a5 45. Kh2 a4 46. Nf5
Qd5 47. Qf4 g5 48. Qxa4 Bxf5 49. Qe8+ Kg7 50. Qe7+ Qf7 51. Qd6 Be6 0-1

[Event "2. Copenhagen Open Politiken Cup"]
[Site "Brndby"]
[Date "1980.??.??"]
[Round "5"]
[White "Roth, Rolf"]
[Black "Jahr, Ulrich"]
[Result "1-0"]
[WhiteElo "2380"]
[BlackElo "2280"]
[PlyCount "117"]
[EventDate "1980.??.??"]
[EventType "swiss"]
[EventRounds "10"]
[EventCountry "DEN"]
[SourceDate "2004.01.01"]

1. Nf3 f5 2. d4 Nf6 3. g3 g6 4. Bg2 Bg7 5. O-O O-O 6. c4 d6 7. Nc3 c6 8. Bf4 h6
9. d5 g5 10. Bd2 Qe8 11. Qc2 Qh5 12. e3 c5 13. Nb5 Ne8 14. Bc3 Nd7 15. Bxg7
Kxg7 16. b4 b6 17. bxc5 bxc5 18. Qc3+ Ndf6 19. Nd2 a6 20. Na3 Kg8 21. f4 Ng4
22. h3 Ngf6 23. Rab1 Qg6 24. Kh2 Ng7 25. Rbe1 Rb8 26. Nc2 Ne4 27. Nxe4 fxe4 28.
g4 h5 29. f5 Qh6 30. Kg1 hxg4 31. hxg4 Qh4 32. Bxe4 Qxg4+ 33. Bg2 Bxf5 34. e4
Bd7 35. e5 Bf5 36. exd6 Bxc2 37. Rxf8+ Rxf8 38. dxe7 Re8 39. Qxc2 Qd4+ 40. Qf2
Qxf2+ 41. Kxf2 Nf5 42. d6 Nxd6 43. Bc6 Kf7 44. Bxe8+ Kxe8 45. Re5 Nxc4 46. Rxc5
Nd6 47. Ra5 Kxe7 48. Rxa6 Kd7 49. Kf3 Kc7 50. Ra5 Kb6 51. Rxg5 Nb5 52. Ke3 Ka5
53. Kd3 Kb4 54. Rh5 Ka4 55. Kc4 Na3+ 56. Kc3 Nb5+ 57. Kb2 Nd6 58. Rh4+ Ka5 59.
Kb3 1-0

[Event "2. Copenhagen Open Politiken Cup"]
[Site "Brndby"]
[Date "1980.??.??"]
[Round "5"]
[White "Smyslov, Vassily"]
[Black "Mikhalchishin, Adrian"]
[Result "1/2-1/2"]
[WhiteElo "2550"]
[BlackElo "2490"]
[PlyCount "23"]
[EventDate "1980.??.??"]
[EventType "swiss"]
[EventRounds "10"]
[EventCountry "DEN"]
[SourceDate "2004.01.01"]

1. d4 Nf6 2. Nf3 d5 3. c4 e6 4. Nc3 c6 5. cxd5 exd5 6. Bg5 Bf5 7. e3 Nbd7 8.
Bd3 Bxd3 9. Qxd3 Bd6 10. O-O O-O 11. Rab1 a5 12. Qc2 1/2-1/2